O založení vědecké sémantiky

Bibliographic Details
Main Author: Tarski, Alfred (Author)
Other Authors: Nobis, Magdaléna (Translator)
Format: Article
Language:Slovak
Czech
ISSN:1335-0668
Subjects:

MARC

LEADER 00000nab a2200000 a 4500
001 vtls008947528
003 SK-MaSNL
005 20260304144328.0
008 250505c2006 xo mr|p|||||||000 b|slo
015 |a SNBRB2007/02 
035 |a (uuid)3c0ba6fe-a8ce-4414-9c54-af6b42a65ee7 
035 |a urn:nbn:sk:snk-ab9jf9 
035 |a (urnnbn)urn:nbn:sk:snk:ar-a08gxl 
038 |a SNKBUCL 
040 |a SNKBUCL  |b slo  |c SNKBUCL  |e AACR2 
041 0 |a cze 
044 |a xo  |c SK 
080 |a 81'37  |2 2000 
100 1 |a Tarski, Alfred  |4 aut  |9 295422 
245 1 0 |a O založení vědecké sémantiky  |c Alfred Tarski; preložila Magdaléna Nobis 
504 |a Bibliogr. odkazy 
650 0 7 |a sémantika  |2 snkbucl  |9 22710 
650 0 7 |a vedecká sémantika  |2 snkbucl  |9 1465839 
700 1 |a Nobis, Magdaléna  |4 trl  |9 1465840 
773 0 |t Organon F  |g Roč. XIII, č. 2 (2006), s. 181-188  |x 1335-0668 
850 |a Slovenská národná knižnica 
852 |a Slovenská národná knižnica 
958 |a article13 
958 |a OND 
958 |a SK 
958 |a NB 
958 |a EUIPO 
999 |c 2930704  |d 2932634